Loading...
Teaching of Commerce
| Main Author: | |
|---|---|
| Format: | Printed Book |
| Language: | English |
| Published: |
New Delhi, Anmol Publications
19956 |
| Subjects: |
| LEADER | 004940000a22001810004500 | ||
|---|---|---|---|
| 020 | |a 8174880453 | ||
| 041 | |a eng | ||
| 082 | |a 375.380 1 N5 | ||
| 100 | |a Rao, Seema |9 124070 | ||
| 245 | |a Teaching of Commerce | ||
| 260 | |a New Delhi, Anmol Publications | ||
| 260 | |a 19956 | ||
| 465 | |a R 50 | ||
| 650 | |a Commerce Library |9 124071 | ||
| 650 | |a Teaching Commerce |9 124072 | ||
| 942 | |c BK | ||
| 999 | |c 169203 |d 169199 | ||
| 952 | |0 0 |1 0 |4 0 |7 0 |9 167615 |a SPS |b SPS |d 2019-04-16 |l 0 |p SPS03049 |r 2019-04-16 |w 2019-04-16 |y BK | ||